Temporary shelter : (Record no. 2430)
[ view plain ]
| 000 -LEADER | |
|---|---|
| fixed length control field | 00548cam a2200181 a 4500 |
| 005 - DATE AND TIME OF LATEST TRANSACTION | |
| control field | 20250901165336.0 |
| 008 - FIXED-LENGTH DATA ELEMENTS--GENERAL INFORMATION | |
| fixed length control field | 870102s1987 nyu 000 1 eng |
| 010 ## - LIBRARY OF CONGRESS CONTROL NUMBER | |
| LC control number | 86031627 |
| 020 ## - INTERNATIONAL STANDARD BOOK NUMBER | |
| International Standard Book Number | 0394555201 : |
| Terms of availability | $16.95 |
| 050 00 - LIBRARY OF CONGRESS CALL NUMBER | |
| Classification number | PS3557.O669 |
| Item number | T4 1987 |
| 082 00 - DEWEY DECIMAL CLASSIFICATION NUMBER | |
| Classification number | 813/.54 |
| Edition information | 19 |
| 100 1# - MAIN ENTRY--PERSONAL NAME | |
| Personal name | Gordon, Mary, |
| Dates associated with a name | 1949- |
| 245 10 - TITLE STATEMENT | |
| Title | Temporary shelter : |
| Remainder of title | short stories / |
| Statement of responsibility, etc. | Mary Gordon. |
| 250 ## - EDITION STATEMENT | |
| Edition statement | 1st ed. |
| 260 ## - PUBLICATION, DISTRIBUTION, ETC. | |
| Place of publication, distribution, etc. | New York, NY : |
| Name of publisher, distributor, etc. | Random House, |
| Date of publication, distribution, etc. | c1987. |
| 300 ## - PHYSICAL DESCRIPTION | |
| Extent | 213 p. ; |
| Dimensions | 24 cm. |
| 942 ## - ADDED ENTRY ELEMENTS (KOHA) | |
| Source of classification or shelving scheme | Library of Congress Classification |
| Classification part | PS3557.O669 .G67 1987 |
| Withdrawn status | Lost status | Source of classification or shelving scheme | Damaged status | Not for loan | Home library | Current library | Shelving location | Date acquired | Total checkouts | Full call number | Barcode | Date last seen | Price effective from | Koha item type |
|---|---|---|---|---|---|---|---|---|---|---|---|---|---|---|
| Library of Congress Classification | Main Library | Main Library | 03/12/2021 | PS3557.O669 | T4 1987 | PIU0005981 | 03/12/2021 | 03/12/2021 | Books |